Złota Piłka 2012 - Top 10 - Statystyki

Ogólne statystyki
  • Ten quiz został rozwiązany 642 razy
  • Średni wynik to 8 z 10
Statystyki odpowiedzi
Lp. Klub Kraj Zawodnik % Poprawnych
2 Real Madryt Portugalia Cristiano Ronaldo
100%
1 Barcelona Argentyna Lionel Messi
100%
3 Barcelona Hiszpania Andres Iniesta
97%
4 Barcelona Hiszpania Xavi
96%
10 PSG Szwecja Zlatan Ibrahimovic
92%
8 Shanghai WKS Didier Drogba
87%
6 Real Madryt Hiszpania Iker Casillas
76%
9 Man United Holandia Robin Van Persie
67%
5 Atletico Kolumbia Radamel Falcao
64%
7 Juventus Włochy Andrea Pirlo
59%
Nie znaleziono quizów pasujących do podanych kryteriów
Rozkład punktacji
Procent ludzi z każdym wynikiem
Percentyl według liczby udzielonych odpowiedzi
Twoja historia wyników
Nie rozwiązałeś tego quizu